International holidays : (Record no. 7013)
[ view plain ]
| 000 -LEADER | |
|---|---|
| fixed length control field | 00796nac a22002171u 4500 |
| 010 ## - LIBRARY OF CONGRESS CONTROL NUMBER | |
| LC control number | 94019445 |
| 020 ## - INTERNATIONAL STANDARD BOOK NUMBER | |
| International Standard Book Number | 0899509533 (lib. bdg. : alk. paper) |
| 082 00 - DEWEY DECIMAL CLASSIFICATION NUMBER | |
| Classification number | 394.26 |
| Item number | WEA |
| 090 ## - LOCALLY ASSIGNED LC-TYPE CALL NUMBER (OCLC); LOCAL CALL NUMBER (OCLC) | |
| -- | 7013 |
| -- | 7013 |
| 100 ## - MAIN ENTRY--PERSONAL NAME | |
| Personal name | Weaver, Robert S., |
| 245 10 - TITLE STATEMENT | |
| Title | International holidays : |
| Remainder of title | 204 countries from 1994 through 2015, with tabular appendices of religious holidays, 1900-2100 / |
| Statement of responsibility, etc | by Robert S. Weaver. |
| 260 ## - PUBLICATION, DISTRIBUTION, ETC. (IMPRINT) | |
| Place of publication, distribution, etc | Jefferson, N.C. : |
| Name of publisher, distributor, etc | McFarland,c1995. |
| Date of publication, distribution, etc | c1995. |
| 300 ## - PHYSICAL DESCRIPTION | |
| Extent | xiv, 361 p. ; |
| Dimensions | 24 cm. |
| 500 ## - GENERAL NOTE | |
| General note | Donations - AUC. |
| 500 ## - GENERAL NOTE | |
| General note | Donations. |
| 504 ## - BIBLIOGRAPHY, ETC. NOTE | |
| Bibliography, etc | Includes bibliographical references and index. |
| 511 ## - PARTICIPANT OR PERFORMER NOTE | |
| Participant or performer note | Catalogued By: Mahitab. |
| 650 #0 - SUBJECT ADDED ENTRY--TOPICAL TERM | |
| Topical term or geographic name as entry element | Holidays |
| Form subdivision | Calendars. |
| 650 #0 - SUBJECT ADDED ENTRY--TOPICAL TERM | |
| Topical term or geographic name as entry element | Special days |
| Form subdivision | Calendars. |
| 942 ## - ADDED ENTRY ELEMENTS (KOHA) | |
| Item type | Book - Borrowing |
| Call number prefix | 394.26WEA |
| Withdrawn status | Item status | Damaged status | Not for loan | Home library | Current library | Shelving location | Date acquired | Source of acquisition | Total Checkouts | Full call number | Barcode | Date last seen | Koha item type |
|---|---|---|---|---|---|---|---|---|---|---|---|---|---|
| Central Library | Central Library | First floor | 07/12/2011 | Purchase | 394.26WEA | 000008484 | 15/07/2025 | Book - Borrowing |